| 000 | 00472nam a2200157Ia 4500 | ||
|---|---|---|---|
| 999 |
_c11041 _d11041 |
||
| 082 | _aTS.1065 | ||
| 100 | _aSinghal, V.K. | ||
| 245 | 0 | _aBharat ke vishesh sandharbh mein mahilaon ke manavadhikaar: ek aalochanaatmak adhyan | |
| 260 |
_aGaziabaad _bCharan Singh Vishwavidyalaya _c2011 |
||
| 300 | _aiii, 362 | ||
| 650 |
_aWomen's rights _zIndia |
||
| 650 |
_aWomen in politics _zIndia |
||
| 650 |
_aWomen _vSocial conditions |
||
| 710 | _aKaushik, Vimal | ||
| 942 |
_cTH _2ddc |
||